Strom Serafický mesačník pre údov III. rádu sv. Františka a armády sv. Kríža

Bibliographic Details
Format: Journal
Language:Slovak
PhysicalDescription:zv.
Published: 1904-1913
ISSN:1337-2157
Subjects:

MARC

LEADER 00000cas a2200000 a 4500
001 vtls009162932
003 SK-MaSNL
005 20260228161114.0
008 071127d19041913xo mr|p 0 b0slo
022 |a 1337-2157 
040 |a SNK  |b slo  |c SNK  |e AACR2 
041 0 |a slo 
044 |a xo  |c SK 
072 7 |a 27-4  |x Praktická teológia. Morálna teológia  |2 konspekt 
080 |a 2-4  |2 2011 
080 |a 050  |2 2001 
080 |a 2(051)  |2 2011 
080 |a 272/273  |2 2011 
210 0 |a Strom seraf. 
222 0 |a Strom serafinský 
245 0 0 |a Strom Serafický  |b mesačník pre údov III. rádu sv. Františka a armády sv. Kríža 
246 1 3 |a Strom Serafinský 
260 |e Uh. Skalica  |f Jozef Teslík  |c 1904-1913 
300 |a zv. 
310 |a 1x mesačne 
362 0 |a Roč. 1, č. 1 (1904)-roč. 10, č. 12 (1913) 
650 0 7 |a náboženský život  |2 SNKPH  |9 1995 
650 0 7 |a katolícke cirkvi  |2 SNKPH  |9 90971 
655 7 |a náboženské časopisy  |2 SNKPH  |9 70790 
910 |a snk 
999 |c 4337  |d 6267 
952 |0 0  |1 0  |4 0  |7 0  |8 5  |a SNK  |b SNK  |d 2007-11-30  |i snkF 1600/1970  |l 0  |o snkČSC 1518/4/1907  |p 17A0568967  |r 2026-02-21 20:21:01  |w 2026-02-21  |y PREZ 
952 |0 0  |1 0  |4 0  |7 0  |8 5  |a SNK  |b SNK  |d 2007-11-30  |i snkF 1601/1970  |l 0  |o snkČSC 1518/5/1908  |p 17A0568966  |r 2026-02-21 20:21:01  |w 2026-02-21  |y PREZ 
952 |0 0  |1 0  |4 0  |7 0  |8 5  |a SNK  |b SNK  |d 2007-11-27  |i snkF 1599/70  |l 0  |o snkČSC 1518/1/1904  |p 17A0568965  |r 2026-02-21 20:21:27  |w 2026-02-21  |y PREZ 
952 |0 0  |1 0  |4 0  |7 0  |8 5  |a SNK  |b SNK  |d 2007-11-27  |i snkF 1602/70  |l 0  |o snkČSC 1518/6/1909  |p 17A0568963  |r 2026-02-21 20:21:27  |w 2026-02-21  |y PREZ 
952 |0 0  |1 0  |4 0  |7 0  |8 5  |a SNK  |b SNK  |d 2007-11-27  |i snkF 1603/70  |l 0  |o snkČSC 1518/7/1910  |p 17A0568976  |r 2026-02-21 20:21:27  |w 2026-02-21  |y PREZ 
952 |0 0  |1 0  |4 0  |7 0  |8 5  |a SNK  |b SNK  |d 2007-11-27  |i snkF 1604/70  |l 0  |o snkČSC 1518/8/1911  |p 17A0568992  |r 2026-02-21 20:21:27  |w 2026-02-21  |y PREZ